Otra vez el diablo : cuento de miedo en tres jornadas y un amanecer /

Guardado en:
Autor Principal: Casona, Alejandro.
Formato: Libro
Publicado: Mexico : Universidad Nacional, 1937
Materias:
Etiquetas: Agregar Etiqueta
Sin Etiquetas, Sea el primero en etiquetar este registro!
LEADER 00587nam a22001815a 4500
001 EHU.bham024673
008 130507s1937##################000#0#####d
005 20240426084612.0
245 1 0 |a Otra vez el diablo :  |b cuento de miedo en tres jornadas y un amanecer /  |c Alejandro Casona. 
260 |a Mexico :  |b Universidad Nacional,  |c 1937 
300 |a 155 p. 
100 1 |a Casona, Alejandro. 
082 8 6 |a 862.6 
653 |a Donacion lejarraga 
653 |a Teatro 
653 |a Teatro espaÑol 
653 |a Teatro espaÑol-1900-1945 
859 |a AR-BHAM  |b BIB. HUMANIDADES - General  |h 862.6  |i C27-1  |p 431.02  |t Ej.1